000 00572nam a2200217Ia 4500
008 160803s9999 xx 000 0 und d
020 _a0 590411004
100 _aLittledale, Freya
245 4 _aThe magic fish /
245 _cpictures by Winslow Pinney Pels ; adapted by Freya Littledale.
260 _aNew York :
260 _bScholastic Inc.
260 _c1966
300 _a32 pages :
300 _bcolor illustrations ;
300 _c21 cm.
440 _aAn Easy-to-read folktale.
650 _aFairy tales.
650 _aFolklore.
700 _a320
999 _c299355
_d299355